000 00216 a2200097 4500
001 30544
100 _aInamul Haq
245 _aThe improvement of libraries
260 _a
_bSang-e-Meel Pub
_c
090 _c20474
_d20474
942 _aNUST-CAE
_cM
_c11641
999 _c265617
_d265617